La Famille Pirate - Personnages - Statistiques

Statistiques générales
  • Ce quiz a été pris 84 fois
  • Le résultat moyen est 7 sur 16
Statistiques - réponses
Rôle Nom % Correct
Le cadet Bigorneau MacBernik
80%
Le père Victor MacBernik
77%
Le crocodile apprivoisé Sakamain
75%
La mère Lucile MacBernik
59%
Un matelot puant La Sardine
57%
L'aînée Scampi MacBernik
56%
Un matelot enfantin Mâchicoulis
45%
Le voisin Irvin Lerequin
44%
Le fils du voisin Hercule Lerequin
31%
La voisine Pénélope Lerequin
28%
Un matelot médecin Docteur Spratt
27%
La poule apprivoisée Krill
19%
La belle-mère Mamie la Poudre
17%
La jumelle du voisin Marie-Rose Lerequin
17%
La jumelle du voisin Rose-Marie Lerequin
17%
L'iguane apprivoisé Froufrou / Chouchou
8%
Aucun quiz correspondant
Distribution des résultats
% des personnes avec chaque résultat
Percentile par nombre de réponses
Votre historique - résultats
Vous n’avez pas pris ce quiz